| 000 | 01145nam a22002657a 4500 | ||
|---|---|---|---|
| 001 | 7316 | ||
| 003 | FISKH | ||
| 005 | 20250709111409.0 | ||
| 008 | 250709b cb ||||| |||| 00| 0 eng d | ||
| 020 | _a9788120767201 | ||
| 040 |
_aFISKH _beng _cFISKH _dFISKH |
||
| 050 | _aPZ7 | ||
| 082 | _a372.5 | ||
| 100 | _aAnonymous | ||
| 245 | _aOpposites and sorting / | ||
| 260 |
_aNew Delhi : _bSterling Publishers, _c2012. |
||
| 300 |
_a10 unnumbered pages : _bcolor illustrations ; _c17 cm |
||
| 505 | _aC | ||
| 520 | _aThis colorful board book introduces young children to the basic concepts of opposites (like big/small, hot/cold, fast/slow) and sorting (by shape, color, size, or type). Using clear, engaging pictures and simple words, it helps preschoolers build early vocabulary, observation skills, and logical thinking. Perfect for toddlers and early learners, it encourages interactive learning and prepares children for foundational math and language concepts. | ||
| 521 | 8 |
_a100
_bLexile estimate |
|
| 521 | 8 |
_aC
_bRaz-Plus |
|
| 650 |
_aPreschool _vBoard Book _xKindergarten |
||
| 942 |
_2ddc _cBK _n0 |
||
| 999 |
_c7316 _d7316 |
||